| 000 | 00938cab a2200277 4500 | ||
|---|---|---|---|
| 001 | ABS59973 | ||
| 008 | 090401t1999 xxu||||| |||| 00| 0 eng d | ||
| 035 | _a(Sirsi) u90771 | ||
| 041 | _aeng | ||
| 100 | _aCannon, J. | ||
| 245 | 2 | _aA soft landing is expected | |
| 260 | _c1999 | ||
| 350 | _a0 | ||
| 490 |
_aBuilding Economist _vJanuary 1999, 8-9(2) |
||
| 520 | _aLooks at the prospects for the private housing market in 1999, and predicts that the slowdown in the market should be of short duration, and that the rise in house prices which has been forecast should not create problems for housebuyers. | ||
| 650 | _aCONSTRUCTION MARKET | ||
| 650 | _aECONOMIC DECLINE | ||
| 650 | _aFORECASTS | ||
| 650 | _aHOUSE PRICES | ||
| 650 | _aHOUSE BUILDING | ||
| 650 | _aHOUSING MARKET | ||
| 650 | _aPRIVATE HOUSING | ||
| 690 | _aPROPERTY-RESIDENTIAL PROPERTY-RESIDENTIAL PROPERTY MARKET | ||
| 942 | _n0 | ||
| 948 | _c19/01/1999 | ||
| 999 |
_c57565 _d57565 |
||